| 000 | 00540nam a2200181Ia 4500 | ||
|---|---|---|---|
| 001 | 20001 | ||
| 005 | 20260306172734.0 | ||
| 008 | 260306t2006||||xx |||||||||||||| ||spa|| | ||
| 041 | _aESP | ||
| 082 |
_a342.104 _bC76 V. 1 |
||
| 100 |
_aOrganización de los Estados Americanos _eAUT |
||
| 245 | 0 | _aDemandas presentadas por la comisión interamericana de derechos humanos a la corte interamericana de derecho humanos 2004 | |
| 260 | _c2006 | ||
| 300 |
_apágs. : _c28 cm. |
||
| 650 | _aGEN | ||
| 654 | _aCDE | ||
| 942 |
_cLIB _dJUS _fJUS _2ddc _n |
||
| 999 |
_c20001 _d20001 |
||